000 00467nam a22001697a 4500
003 OSt
005 20251117101139.0
008 251117b |||||||| |||| 00| 0 eng d
020 _a9781633755031
040 _aDWCL - Main Lib
_cOC
082 _aF H224s 2016
100 _aHammerle, Julie
245 _aThe Sound of Us /
_cJulie Hammerle
260 _aColorado, USA ;
_bEntangled Publishing, LLC.,
_cc2016.
300 _a287 pages ;
_c20cm.
942 _2ddc
_cFIC.
_mF
_n0
999 _c5702
_d5702